Houston Texans Starting Quarterbacks 2011-20 - Statistics

General Stats
  • This quiz has been taken 72 times
  • The average score is 8 of 10
Answer Stats
Year Answer % Correct
18-19 Deshaun Watson
97%
19-20 Deshaun Watson
97%
20-21 Deshaun Watson
97%
11-12 Matt Schaub
87%
12-13 Matt Schaub
87%
13-14 Matt Schaub
87%
16-17 Brock Osweiler
61%
14-15 Ryan Fitzpatrick
59%
17-18 Tom Savage
49%
15-16 Brian Hoyer
31%
No matching quizzes found
Score Distribution
Percent of People with Each Score
Percentile by Number Answered
Your Score History
You have not taken this quiz